000 00689nam a22002177a 4500
003 OSt
005 20141115073923.0
008 141105b xxu||||| |||| 00| 0 eng d
020 _a84-206-5749-2
040 _cBMC
082 _a069.5
100 1 _aAlonso Fernández, Luis
_93859
245 1 0 _aDiseño de exposiciones
_b: concepto, instalación y montaje
_cLuis Alonso Fernández, Isabel García Fernández
260 _aMadrid
_bAlianza Editorial
_ccop. 1999
300 _a267 p.
_bil.
_c20 cm
490 _aMateriales. Arte y música
504 _aBibliografía: p. 239-258
650 2 4 _aExposiciones en museos
_93858
700 1 _aGarcía Fernández, Isabel
_93860
942 _2ddc
_cBK
999 _c15384
_d15384